| 000 | 01161nam a2200301 a 4500 | ||
|---|---|---|---|
| 001 | 000046782 | ||
| 003 | DO-SdBNP | ||
| 005 | 20240302073951.0 | ||
| 007 | ta | ||
| 008 | 150224s2014 dr a r 000 0 spa d | ||
| 020 | _a9789945468410 | ||
| 040 |
_aDO-SdBNP _bspa _cBNPHU |
||
| 082 |
_a920.72 _bM671C, 2014 _222 |
||
| 100 | 1 |
_aCassá, Roberto, _d1948- _910888 |
|
| 245 | 1 | 0 |
_aMinerva Mirabal : _bla revolucionaria / _cRoberto Cassá ; ilustraciones José Mercader. |
| 250 | _a4a ed. | ||
| 260 |
_aSanto Domingo : _bTobogán, _c2014 _fAlfa & Omega |
||
| 300 |
_a52 p. : _bil. ; _c21 cm. |
||
| 490 | 1 | _aBiografías Dominicanas Tobogán | |
| 500 | _aIncluye datos biografícos del autor y del ilustrador. | ||
| 504 | _aBibliografía : p. 49 | ||
| 505 | 0 |
_tLa heroína -- _tEl trujillato -- _tEl vuelo de la mariposa -- _tLa Universidad y el encuentro con Manolo -- _tFormación del movimiento 14 de junio -- _tLa reunión de Guayacanes -- _tLos meses finales -- _tLas mariposas segadas -- |
|
| 590 | _aInventariado, 2018/ YL | ||
| 700 | 1 |
_aMercader, José, _eil. _956560 |
|
| 830 | 0 |
_aBiografías Dominicanas Tobogán _9769 |
|
| 910 | _aYL | ||
| 942 |
_2ddc _cLBS1 |
||
| 999 |
_c46271 _d46271 |
||